000
00315nam a22001337a 4500
020
_q
PB.
040
_c
FIZZA ISHAQ
082
_a
572.802
_b
TKA
100
_a
ATTWOOD,T K.
_9
91549
245
_a
INTRODUCTION TO BIOINFORMATICS /
_c
T K ATTWOOD.
260
_a
PEARSON ;
_c
1999.
300
_a
257 P. ;
942
_2
ddc
_c
BK
999
_c
589677
_d
589677